000 00288nam a2200121Ia 4500
008 231129s1978||||xx |||||||||||||| ||spa||
082 _aHAJ-0027
100 _aCaballero Enrique
245 0 _aAmérica una equivocación
260 _c1978
264 _aBogotá: Hispana
942 _2ddc
_cBKS
999 _c4954
_d4954